| 000 | 00816nam a22001817a 4500 | ||
|---|---|---|---|
| 005 | 20250110174004.0 | ||
| 010 | _aHIN-129220 | ||
| 020 |
_a9789388359849 _c120.00 |
||
| 035 | _aHN-101566 | ||
| 037 | _bDBAD | ||
| 082 | _a821 | ||
| 100 |
_aउपाध्याय, भरत सिंह _976388 |
||
| 245 |
_aथेरी-गाथाएँ/ _bभरत सिंह उपाध्याय |
||
| 260 |
_aनई दिल्ली _bसस्ता साहित्य मण्डल प्रकाशन _c2020 |
||
| 270 |
_aएन-77, पहली मंजिल, कनाट सर्कस _bनई दिल्ली _e110001 _msatasahityamandal@gmail.com _k011-23310505 |
||
| 300 |
_a120पृ. _c21 सेमी (अजिल्द ) |
||
| 942 |
_2ddc _cHN _h821 _mउपाध्या |
||
| 999 |
_c208360 _d208360 |
||